The impact of Part M on the design of new housing (Record no. 73646)
[ view plain ]
| 000 -LEADER | |
|---|---|
| fixed length control field | 01062cam a2200193 4500 |
| 001 - CONTROL NUMBER | |
| control field | ABS67135 |
| 008 - FIXED-LENGTH DATA ELEMENTS--GENERAL INFORMATION | |
| fixed length control field | 031027n2003 000 0 eng u |
| 035 ## - SYSTEM CONTROL NUMBER | |
| System control number | (Sirsi) u124041 |
| 100 ## - MAIN ENTRY--PERSONAL NAME | |
| Personal name | Imrie, R. |
| 245 #4 - TITLE STATEMENT | |
| Title | The impact of Part M on the design of new housing |
| 260 ## - PUBLICATION, DISTRIBUTION, ETC. | |
| Date of publication, distribution, etc. | 2003 |
| 490 ## - SERIES STATEMENT | |
| Series statement | Access by Design |
| Volume/sequential designation | (96) Autumn 2003, 6-8(3) |
| 520 ## - SUMMARY, ETC. | |
| Summary, etc. | Discusses a new report based on an evaluation of builders' and local authority building control officers' attitudes and responses to Part M of the Building Regulations in relation to its application to dwellings. It concludes that the regulation is often poorly interpreted and variably enforced, which leads to an unsatisfactory outcome for the design of new housing stock. The full report is available from http://www.gg.rhul.ac.uk/jrf.pdf |
| 590 ## - LOCAL NOTE (RLIN) | |
| Local note | ABS |
| 650 ## - SUBJECT ADDED ENTRY--TOPICAL TERM | |
| Topical term or geographic name entry element | BUILDING REGULATIONS 1991 APPROVED DOCUMENT M (1999 EDITION) |
| 650 ## - SUBJECT ADDED ENTRY--TOPICAL TERM | |
| Topical term or geographic name entry element | MANAGEMENT-BUSINESS MANAGEMENT-DISCRIMINATION-DISABILITY DISCRIMINATION-ACCESSIBILITY |
| 690 ## - LOCAL SUBJECT ADDED ENTRY--TOPICAL TERM (OCLC, RLIN) | |
| Topical term or geographic name as entry element | BUILT ENVIRONMENT-BUILDING STANDARDS |
| 942 ## - ADDED ENTRY ELEMENTS (KOHA) | |
| Suppress in OPAC | 0 |
| Withdrawn status | Lost status | Source of classification or shelving scheme | Damaged status | Not for loan | Home library | Current library | Shelving location | Date acquired | Total Checkouts | Full call number | Barcode | Date last seen | Copy number | Price effective from | Koha item type |
|---|---|---|---|---|---|---|---|---|---|---|---|---|---|---|---|
| Dewey Decimal Classification | London | London | Journal article | 27/10/2003 | ABS67135 | 124041-1001 | 06/08/2019 | 1 | 06/08/2019 | Journal article |